Megkezdi működését a kereskedők bevásárló részvénytársasága
Elmentve itt :
| Dokumentumtípus: | Cikk |
|---|---|
| Megjelent: |
1917-03-08
|
| Sorozat: | Délmagyarország
6 No. 56 |
| Kulcsszavak: | Kereskedelem Szeged, Közellátás szervezése Szeged áruhiány 1917 |
| Online Access: | http://dmarchiv.bibl.u-szeged.hu/43549 |
| LEADER | 00494nab a2200145 i 4500 | ||
|---|---|---|---|
| 001 | delm43549 | ||
| 005 | 20180927131953.0 | ||
| 008 | 180927s1917 hu o 0|| hun d | ||
| 040 | |a SZTE Délmagyarország Archívum |b hun | ||
| 041 | |a hun | ||
| 245 | 0 | 0 | |a Megkezdi működését a kereskedők bevásárló részvénytársasága |h [elektronikus dokumentum] |
| 260 | |c 1917-03-08 | ||
| 300 | |a 3 | ||
| 490 | 0 | |a Délmagyarország |v 6 No. 56 | |
| 695 | |a Kereskedelem Szeged, Közellátás szervezése Szeged áruhiány 1917 | ||